• 首页
  • 本馆介绍
  • 公告通知
  • 最新文献
  • 馆藏检索
  • 电子资源
  • 读者导购
  • 参考咨询
  • 我的图书馆
  • 登录
  • 详细信息显示
  • 放入我的书架
  • 预约/预借图书
  • 作者相关作品
  • 分类相关作品
  • 丛书相关作品
  • 出版社相关作品

书目信息

  • 表格格式
  • 工作单格式
  • 卡片格式
题名:
显示电子学
    
 
作者: Tracton , 特拉克顿 著 ;时光 译
分册:  
出版信息: 北京   人民邮电出版社  1981
页数: 256页
开本: 19cm
丛书名:
单 册:
中图分类: TN27
科图分类:
主题词: 显示-电子学 , 电子学-显示
电子资源:
ISBN:
000 00803nam0 2200289 45
001 0181004347
005 20060804102932.56
010    @dCNY0.67
091    @a15045.总2440-有5185
100    @a19950622d1981 emky0chiy0121 ea
101 1  @achi@ceng
102    @aCN@b110000
105    @ay z 000yy
200 10 @a显示电子学@Axian shi dian zi xue@f(美)特拉克顿(K.Tracton)著@g时光译
210    @a北京@c人民邮电出版社@d1981
215    @a256页@d19cm
300    @a书名原文:Display electronics
510 1  @aDisplay electronics@zeng
606    @a显示-电子学
606    @a电子学-显示
690    @aTN27@v3 
701 A1 @aTracton@bK.@4著
701  1 @a特拉克顿@Ate la ke dun@bK.@4著
702  0 @a时光@Ashi guang@4译
801  2 @aCN@bNLC@c20060804
801  0 @aCN@bTSSF
905    @a10447@dTN27@e64
    
    显示电子学/(美)特拉克顿(K.Tracton)著/时光译.-北京:人民邮电出版社,1981
    256页;19cm
    书名原文:Display electronics
    
    ISBN :CNY0.67
    
●
相关链接 在E读中查询图书 在五车中查询图书 在当当中查询图书 在豆瓣中查询图书


正题名:显示电子学     索取号:TN27/64         预约/预借

序号 登录号 条形码 馆藏地/架位号 状态 备注
1 0439706   204397063   密集书库/ [索取号:TN27/64] 在馆    
唐山师范学院图书馆 欢迎您!
大连网信软件有限公司© 版权所有